000 00340nam a2200133Ia 4500
008 220217s9999||||xx |||||||||||||| ||und||
020 _a81-7808-041-9
082 _a005.3 JAL
100 _aJalote, Pankaj
245 0 _aCmm in practice
260 _aPearson education asia
_bDelhi
_c2002
300 _b350
650 _aSOFTWARE DESIGN
999 _c169953
_d169953